श्री वाल्मीकीय रामायण में श्री सीताजी का जीवन-दर्शन / (Record no. 53163)

MARC details
000 -LEADER
fixed length control field 00701nam a2200193Ia 4500
005 - DATE AND TIME OF LATEST TRANSACTION
control field 20260429112245.0
008 - FIXED-LENGTH DATA ELEMENTS--GENERAL INFORMATION
fixed length control field 260429s9999||||xx |||||||||||||| ||und||
020 ## - INTERNATIONAL STANDARD BOOK NUMBER
International Standard Book Number 9788178543055
041 ## - LANGUAGE CODE
Language Hindi
082 ## - DEWEY DECIMAL CLASSIFICATION NUMBER
Classification number 294.5922
Item number SAD
100 ## - MAIN ENTRY--PERSONAL NAME
Personal name साध्वी
245 #0 - TITLE STATEMENT
Title श्री वाल्मीकीय रामायण में श्री सीताजी का जीवन-दर्शन /
Statement of responsibility, etc साध्वी
250 ## - EDITION STATEMENT
Edition statement 1st ed.
260 ## - PUBLICATION, DISTRIBUTION, ETC. (IMPRINT)
Place of publication, distribution, etc दिल्ली :
Name of publisher, distributor, etc ईस्टर्न बुक लिंकर,
Date of publication, distribution, etc 2016.
300 ## - PHYSICAL DESCRIPTION
Extent xvii, 457 p.; Hb
650 ## - SUBJECT ADDED ENTRY--TOPICAL TERM
Topical term or geographic name as entry element Valmikiya Ramayan
700 ## - ADDED ENTRY--PERSONAL NAME
Personal name देवी, विश्वेश्वरी
942 ## - ADDED ENTRY ELEMENTS (KOHA)
Koha item type Text Books
Holdings
Withdrawn status Lost status Damaged status Not for loan Collection code Home library Location Shelving location Date of Cataloging Source of acquisition Total Checkouts Full call number Barcode Date last seen Price effective from Koha item type
        Non-fiction CUTN Central Library CUTN Central Library Religion 29/04/2026 Segment Book Distributors, New Delhi - Invoice No. 71458 on 09-02-2026   294. 5922 SAD 58473 29/04/2026 29/04/2026 Text Books